| 000 | 00535nam a2200181 i 4500 | ||
|---|---|---|---|
| 001 | 34396 | ||
| 003 | ES-MaACL | ||
| 007 | t| | ||
| 008 | 030207s1923 sp ||||1| spa d | ||
| 100 | 1 |
_aBlanco Suárez, Pedro. _929296 |
|
| 245 | 1 | 0 |
_aHistoria de la educación y de la pegadogia / _cpor Pedro Blanco Suárez. |
| 260 |
_aMadrid : _bJ. Cosano, _c1923. |
||
| 300 |
_a278 p. ; _c22 cm. |
||
| 490 | 1 | _aMuseo pedagógico nacional | |
| 830 | 0 |
_aMuseo pedagógico nacional _9229491 |
|
| 852 |
_aES-MaACL _jB-949 |
||
| 999 |
_c34396 _d34396 |
||